000 00600nam a2200229Ia 4500
003 OSt
005 20221007080858.0
006 a|||||r|||| 00| 0
007 ta
008 221006b |||||||| |||| 00| 0 eng d
024 _a14,636
037 _cTextual
040 _aFLL
_cFLL
_beng
041 _2eng
_aeng
082 _aX.73.N5, K3
100 _aBerle Adolf A.
245 0 _aAmerican economic republic
260 _aNew York
_bHarcourt, Brace & World, Inc. USA
_c1963
300 _a247p
_ccm.
942 _hX.73.N5, K3
_cTEXL
_2CC
999 _c1161224
_d1161224